000
00329nam a2200145Ia 4500
008
191201s2012 xx 000 0 und d
082
_a
658.15
_b
BRF
100
_a
BRIGHAM, Eugene F
245
0
_a
Financial Management
250
_a
1st
260
_a
N.Delhi
_b
Thomson
_c
2012
300
_a
1067
650
_a
MBA
942
_2
ddc
_c
BK
999
_c
5307
_d
5307